Marketingová analýza vstupu na zahraničný trh diplomová práca

Salvato in:
Dettagli Bibliografici
Autore principale: Káli, Klaudia
Ente Autore: Fakulta podnikového manažmentu EU. Katedra manažmentu
Altri autori: Mišún, Juraj, 1978-
Natura: Libro
Lingua:slovacco
Pubblicazione: Bratislava 2011
Tags: Aggiungi Tag
Nessun Tag, puoi essere il primo ad aggiungerne!!

MARC

LEADER 00000nbm a2200000 4500
001 0131612
005 20161109101719.1
041 0 |a slo 
044 |a SK 
245 1 0 |a Marketingová analýza vstupu na zahraničný trh  |b diplomová práca  |c Klaudia Káli ; školiteľ: Juraj Mišún 
264 1 |a Bratislava  |c 2011 
300 |a 70 s. 
100 1 |a Káli, Klaudia 
700 1 |a Mišún, Juraj, 1978- 
710 2 |a Fakulta podnikového manažmentu EU. Katedra manažmentu